000 00570nam a2200181Ia 4500
005 20250508160035.0
008 008 250505s9999 xx 000 0 eng d
037 _aBooks to be hide in OPAC
040 _aFEDL
_beng
_cFEDL
041 _aeng
_2eng
084 _a378.415, IRE/O
_qFEDL
245 0 _aAppendix to the final report of the coomssioners. Part 1
245 0 _cIntermediate Education (Ireland) Commission
260 _aDublin
_bAlexander Thom and Co.
_c1899
300 _avi,694p.
942 _cHB
_h378.415, IRE/O
999 _c1361335
_d1361335